[Event "Bad Wildbad Seniors op"]
[Site "Bad Wildbad"]
[Date "2001.??.??"]
[Round "4"]
[White "Franke, Heribert"]
[Black "Fronczek, Heinrich"]
[Result "0-1"]
[WhiteElo "2370"]
[BlackElo "2288"]
[PlyCount "54"]
[EventDate "2001.??.??"]
[EventType "swiss"]
[EventRounds "9"]
[EventCountry "GER"]
[SourceTitle "EXT 2002"]
[Source "ChessBase"]
[SourceDate "2001.11.25"]
[SourceVersion "1"]
[SourceVersionDate "2001.11.25"]
[SourceQuality "1"]

1. e4 c5 2. Nf3 e6 3. d4 cxd4 4. Nxd4 a6 5. c4 Nf6 6. Bd3 Nc6 7. Nxc6 bxc6 8. 0-0 e5 9. Nc3 Bc5 10. Qf3 d6 11. Be3 Bd4 12. Bxd4 exd4 13. Ne2 Bg4 14. Qf4 Bxe2 15. Bxe2 0-0 16. Rad1 c5 17. Rd3 Re8 18. Bf3 Re5 19. Re1 Qe7 20. Rd2 Re8 21. Rde2 g5 22. Qg3 h5 23. h3 h4 24. Qh2 d3 25. Re3 d2 26. Rd1 Nxe4 27. Re2 Ng3 0-1

[Event "Oberliga NRW 9495 I"]
[Site "Germany"]
[Date "1995.??.??"]
[Round "5.3"]
[White "Franke, Heribert"]
[Black "Hubert, Ralf"]
[Result "0-1"]
[WhiteElo "2370"]
[BlackElo "2365"]
[PlyCount "68"]
[EventDate "1994.10.??"]
[EventType "team-tourn"]
[EventRounds "9"]
[EventCountry "GER"]
[SourceTitle "GER"]
[Source "ChessBase"]
[SourceDate "1999.07.01"]
[SourceVersion "1"]
[SourceVersionDate "1999.07.01"]
[SourceQuality "1"]
[WhiteTeam "Derschlag"]
[BlackTeam "Solingen"]
[WhiteTeamCountry "GER"]
[BlackTeamCountry "GER"]

1. b3 a5 2. Bb2 a4 3. b4 Nf6 4. a3 c5 5. bxc5 e6 6. e3 Bxc5 7. Nf3 Nc6 8. d4 Be7 9. c4 d5 10. Nc3 0-0 11. Bd3 dxc4 12. Bxc4 Na5 13. Qxa4 Nxc4 14. Qxc4 b5 15. Nxb5 Qa5+ 16. Bc3 Qa4 17. Qxa4 Rxa4 18. Bb2 Ba6 19. Nc3 Ra5 20. Ne5 Rc8 21. Kd2 Bd6 22. Nd3 Rg5 23. Nb4 Bb7 24. Kd3 Rxg2 25. Rhf1 Rxh2 26. e4 Bf4 27. Bc1 Rh3+ 28. f3 Nh5 29. Ne2 Bd6 30. Be3 f5 31. Rh1 Rxf3 32. Rxh5 Bxe4+ 33. Kd2 Bxb4+ 34. axb4 Rc2+ 0-1

[Event "Oberliga NRW 9495 I"]
[Site "Germany"]
[Date "1994.??.??"]
[Round "1.1"]
[White "Franke, Heribert"]
[Black "Schaefer, Markus"]
[Result "0-1"]
[WhiteElo "2370"]
[BlackElo "2455"]
[PlyCount "82"]
[EventDate "1994.10.??"]
[EventType "team-tourn"]
[EventRounds "9"]
[EventCountry "GER"]
[SourceTitle "GER"]
[Source "ChessBase"]
[SourceDate "1999.07.01"]
[SourceVersion "1"]
[SourceVersionDate "1999.07.01"]
[SourceQuality "1"]
[WhiteTeam "Derschlag"]
[BlackTeam "Solingen II"]
[WhiteTeamCountry "GER"]
[BlackTeamCountry "GER"]

1. g3 g6 2. Bg2 Bg7 3. d3 d5 4. Nd2 d4 5. e4 dxe3 6. fxe3 e5 7. Nc4 Nc6 8. Ne2 Nge7 9. 0-0 0-0 10. e4 Be6 11. Bg5 f6 12. Be3 h6 13. b3 f5 14. Qd2 Kh7 15. Rad1 Qe8 16. Na5 Nxa5 17. Qxa5 b6 18. Qa6 c6 19. Bc1 Qd7 20. Ba3 Rad8 21. Qa4 c5 22. Qxd7 Rxd7 23. Bb2 Rd6 24. a4 Nc6 25. Nc3 f4 26. Nd5 g5 27. Rde1 Nd4 28. Bxd4 cxd4 29. Nc7 Bd7 30. Nb5 Rc6 31. Nxa7 Rxc2 32. Rc1 Rc3 33. Rxc3 dxc3 34. Nb5 Rc8 35. Nd6 Rd8 36. Nc4 b5 37. axb5 Bxb5 38. Bh3 Bf8 39. Bf5+ Kg7 40. Nxe5 Ba3 41. gxf4 c2 0-1

[Event "Bundesliga 9293"]
[Site "Germany"]
[Date "1993.??.??"]
[Round "?.7"]
[White "Wesseln, Kai"]
[Black "Franke, Heribert"]
[Result "0-1"]
[WhiteElo "2340"]
[BlackElo "2365"]
[PlyCount "116"]
[EventDate "1992.10.24"]
[EventType "team-tourn"]
[EventRounds "15"]
[EventCountry "GER"]
[SourceTitle "GER-chT"]
[Source "ChessBase"]
[SourceDate "1999.07.01"]
[SourceVersion "1"]
[SourceVersionDate "1999.07.01"]
[SourceQuality "1"]
[WhiteTeam "Delmenhorst"]
[BlackTeam "Sindelfingen"]
[WhiteTeamCountry "GER"]
[BlackTeamCountry "GER"]

1. g3 d5 2. f4 Nf6 3. Nf3 g6 4. Bg2 Bg7 5. 0-0 0-0 6. d3 c6 7. c3 Nbd7 8. Kh1 Re8 9. Ne5 Nxe5 10. fxe5 Ng4 11. d4 f6 12. exf6 exf6 13. h3 Ne3 14. Bxe3 Rxe3 15. Rf3 Qe7 16. Rxe3 Qxe3 17. Kh2 Bf5 18. Qd2 Re8 19. Qxe3 Rxe3 20. Bf1 Bh6 21. Nd2 Re7 22. Nf3 Be3 23. Ne1 h5 24. Rd1 Kg7 25. Nd3 Bg5 26. Kg2 a5 27. Kf2 Be3+ 28. Kg2 b6 29. Kh2 Bh6 30. Kg2 Kf7 31. Kf2 Be3+ 32. Kg2 Ke8 33. Kf3 Bh6 34. Kf2 Be4 35. e3 Kf7 36. Re1 g5 37. Nc1 Bf8 38. Bd3 f5 39. Bxe4 fxe4 40. g4 hxg4 41. hxg4 Kg6 42. Kg2 Rh7 43. Rh1 Rh4 44. Rxh4 gxh4 45. Kh3 Bh6 46. Kxh4 Bxe3 47. Ne2 Bf2+ 48. Kh3 Kg5 49. a4 b5 50. axb5 cxb5 51. Nc1 Be3 52. Ne2 a4 53. Kg3 Bd2 54. Kh3 Bf4 55. c4 bxc4 56. Nc3 Bc1 57. Nxa4 Bxb2 58. Nb6 c3 0-1

[Event "Bundesliga 9091"]
[Site "Germany"]
[Date "1990.??.??"]
[Round "?.8"]
[White "Geveke, Michael"]
[Black "Franke, Heribert"]
[Result "1-0"]
[WhiteElo "2320"]
[BlackElo "2390"]
[PlyCount "91"]
[EventDate "1990.10.06"]
[EventType "team-tourn"]
[EventRounds "15"]
[EventCountry "GER"]
[SourceTitle "GER-chT"]
[Source "ChessBase"]
[SourceDate "1999.07.01"]
[SourceVersion "1"]
[SourceVersionDate "1999.07.01"]
[SourceQuality "1"]
[WhiteTeam "Bielefeld"]
[BlackTeam "Sindelfingen"]
[WhiteTeamCountry "GER"]
[BlackTeamCountry "GER"]

1. Nf3 d5 2. g3 c6 3. Bg2 Bg4 4. d3 e6 5. 0-0 Bd6 6. Nbd2 Nd7 7. h3 Bh5 8. Qe1 Ne7 9. e4 0-0 10. Kh1 Re8 11. Nh4 g5 12. Nhf3 h6 13. h4 Ng6 14. hxg5 hxg5 15. Nb3 g4 16. Nh2 f5 17. f4 gxf3 18. Bxf3 Bxf3+ 19. Nxf3 Qc7 20. Kg2 f4 21. gxf4 Bxf4 22. Nh4 Ndf8 23. Nxg6 Nxg6 24. Bxf4 Nxf4+ 25. Kf3 Rf8 26. Rg1+ Ng6+ 27. Ke2 Rf6 28. Qg3 Qxg3 29. Rxg3 Kf7 30. Rag1 Rh8 31. Kd1 dxe4 32. dxe4 e5 33. Nc5 Rh4 34. Kc1 Rhf4 35. Nxb7 Rxe4 36. Nd8+ Ke7 37. Rxg6 Rxg6 38. Rxg6 Kxd8 39. Rxc6 Rd4 40. Re6 Rd5 41. c4 Rc5 42. b3 a5 43. Ra6 Kd7 44. Kd2 e4 45. Ke3 Re5 46. Rf6 1-0

[Event "Bundesliga 8990"]
[Site "Germany"]
[Date "1990.??.??"]
[Round "?.7"]
[White "Lieb, Harald"]
[Black "Franke, Heribert"]
[Result "0-1"]
[WhiteElo "2265"]
[BlackElo "2370"]
[PlyCount "50"]
[EventDate "1989.10.??"]
[EventType "team-tourn"]
[EventRounds "15"]
[EventCountry "GER"]
[SourceTitle "GER-chT"]
[Source "ChessBase"]
[SourceDate "1999.07.01"]
[SourceVersion "1"]
[SourceVersionDate "1999.07.01"]
[SourceQuality "1"]
[WhiteTeam "Zehlendorf"]
[BlackTeam "Sindelfingen"]
[WhiteTeamCountry "GER"]
[BlackTeamCountry "GER"]

1. d4 e6 2. g3 f5 3. Bg2 Nf6 4. Nh3 Be7 5. 0-0 0-0 6. Nd2 d5 7. c4 c6 8. b3 Bd7 9. Qc2 Na6 10. a3 Rc8 11. b4 Nc7 12. Bb2 Ng4 13. Qb3 g5 14. f3 Nh6 15. Nf2 f4 16. g4 Nf7 17. c5 Bf6 18. Nd3 Nb5 19. Ne5 Nxd4 20. Bxd4 Nxe5 21. Bf2 Qe7 22. Rae1 Ng6 23. e4 fxe3 24. Bxe3 Be5 25. Rf2 d4 0-1

[Event "Bundesliga 8990"]
[Site "Germany"]
[Date "1990.??.??"]
[Round "?.8"]
[White "Messmer, Martin"]
[Black "Franke, Heribert"]
[Result "1-0"]
[WhiteElo "2290"]
[BlackElo "2370"]
[PlyCount "89"]
[EventDate "1989.10.??"]
[EventType "team-tourn"]
[EventRounds "15"]
[EventCountry "GER"]
[SourceTitle "GER-chT"]
[Source "ChessBase"]
[SourceDate "1999.07.01"]
[SourceVersion "1"]
[SourceVersionDate "1999.07.01"]
[SourceQuality "1"]
[WhiteTeam "Kirchheim"]
[BlackTeam "Sindelfingen"]
[WhiteTeamCountry "GER"]
[BlackTeamCountry "GER"]

1. d4 e6 2. Nf3 f5 3. c4 Nf6 4. Nc3 Bb4 5. Bg5 0-0 6. Qc2 d6 7. e3 h6 8. Bxf6 Qxf6 9. Be2 Nc6 10. 0-0 Bxc3 11. Qxc3 e5 12. b4 exd4 13. Nxd4 Ne5 14. f4 Nd7 15. Nb5 Qxc3 16. Nxc3 Nf6 17. Bf3 Be6 18. c5 a5 19. b5 d5 20. Ne2 a4 21. Nd4 Kf7 22. a3 Ne4 23. Bxe4 dxe4 24. Rfd1 Kf6 25. Rac1 Rfd8 26. Kf2 Bf7 27. h3 g5 28. g3 Be8 29. Rh1 Ra5 30. c6 b6 31. fxg5+ hxg5 32. h4 g4 33. Rb1 Bf7 34. Rhc1 Ke5 35. Rb4 Raa8 36. Ke1 Ra7 37. Kd2 Raa8 38. Kc3 Rd6 39. Rf1 Be6 40. Rb2 Rdd8 41. Rbf2 Rf8 42. Rd2 Bg8 43. Ne2 Bb3 44. Rd7 Rad8 45. Nd4 1-0

[Event "Bundesliga 8990"]
[Site "Germany"]
[Date "1990.??.??"]
[Round "?.7"]
[White "Schlosser, Philipp"]
[Black "Franke, Heribert"]
[Result "0-1"]
[WhiteElo "2465"]
[BlackElo "2370"]
[PlyCount "92"]
[EventDate "1989.10.??"]
[EventType "team-tourn"]
[EventRounds "15"]
[EventCountry "GER"]
[SourceTitle "GER-chT"]
[Source "ChessBase"]
[SourceDate "1999.07.01"]
[SourceVersion "1"]
[SourceVersionDate "1999.07.01"]
[SourceQuality "1"]
[WhiteTeam "Bayern Muenchen"]
[BlackTeam "Sindelfingen"]
[WhiteTeamCountry "GER"]
[BlackTeamCountry "GER"]

1. d4 e6 2. c4 f5 3. Nc3 Nf6 4. g3 d5 5. cxd5 exd5 6. Bg2 c6 7. Nh3 Be7 8. 0-0 0-0 9. Qc2 Ne4 10. Rb1 Na6 11. a3 g5 12. Rd1 Be6 13. f3 Nd6 14. e3 Bf6 15. Na4 Qe7 16. Nc5 Nxc5 17. dxc5 Nb5 18. a4 Nc7 19. b4 d4 20. e4 fxe4 21. Qxe4 Qd7 22. g4 Qg7 23. Bb2 Rae8 24. Qd3 Nd5 25. Bxd4 Bxd4+ 26. Qxd4 Nc3 27. Qxg7+ Kxg7 28. Nxg5 Bd5 29. Ne4 Nxd1 30. Rxd1 Bxe4 31. fxe4 Rd8 32. Rb1 Rd4 33. h3 Kf6 34. b5 Rfd8 35. Rf1+ Ke6 36. bxc6 bxc6 37. e5 Rd1 38. Bxc6 Kxe5 39. Bb7 Rxf1+ 40. Kxf1 a5 41. c6 Kd6 42. Ke2 Kc7 43. Ke3 Rd1 44. Kf4 Rd4+ 45. Kg5 Rxa4 46. Kh6 Rd4 0-1

[Event "Bundesliga 8889"]
[Site "Germany"]
[Date "1989.??.??"]
[Round "?.3"]
[White "Fedorowicz, John P"]
[Black "Franke, Heribert"]
[Result "1-0"]
[WhiteElo "2505"]
[BlackElo "2385"]
[PlyCount "53"]
[EventDate "1988.10.??"]
[EventType "team-tourn"]
[EventRounds "15"]
[EventCountry "GER"]
[SourceTitle "GER-chT"]
[Source "ChessBase"]
[SourceDate "1999.07.01"]
[SourceVersion "1"]
[SourceVersionDate "1999.07.01"]
[SourceQuality "1"]
[WhiteTeam "Koeln Porz"]
[BlackTeam "Sindelfingen"]
[WhiteTeamCountry "GER"]
[BlackTeamCountry "GER"]

1. d4 d5 2. c4 c6 3. Nf3 Nf6 4. Nc3 dxc4 5. e4 b5 6. e5 Nd5 7. a4 e6 8. axb5 Bb4 9. Bd2 Bxc3 10. bxc3 cxb5 11. Ng5 h6 12. Ne4 0-0 13. Qh5 f5 14. Nd6 Qd7 15. g4 f4 16. g5 hxg5 17. Bg2 Nc6 18. Be4 Rf5 19. Rg1 b4 20. Nxf5 exf5 21. Bxd5+ Qxd5 22. Qe8+ Kh7 23. Rxg5 Qh1+ 24. Ke2 Qe4+ 25. Kf1 Qh1+ 26. Rg1 Qd5 27. Qg6+ 1-0

[Event "Bundesliga 8889"]
[Site "Germany"]
[Date "1989.??.??"]
[Round "?.3"]
[White "Fries Nielsen, Jens Ove"]
[Black "Franke, Heribert"]
[Result "1-0"]
[WhiteElo "2385"]
[BlackElo "2385"]
[PlyCount "21"]
[EventDate "1988.10.??"]
[EventType "team-tourn"]
[EventRounds "15"]
[EventCountry "GER"]
[SourceTitle "GER-chT"]
[Source "ChessBase"]
[SourceDate "1999.07.01"]
[SourceVersion "1"]
[SourceVersionDate "1999.07.01"]
[SourceQuality "1"]
[WhiteTeam "Lasker Steglitz"]
[BlackTeam "Sindelfingen"]
[WhiteTeamCountry "GER"]
[BlackTeamCountry "GER"]

1. e4 e6 2. d4 d5 3. Nc3 Bb4 4. e5 c5 5. Qg4 cxd4 6. Qxg7 dxc3 7. b3 Qh4 8. Bd3 Ne7 9. Qxh8+ Kd7 10. Nf3 Qg4 11. 0-0 1-0

[Event "Bundesliga 8889"]
[Site "Germany"]
[Date "1989.??.??"]
[Round "?.4"]
[White "Kurz, Alexander"]
[Black "Franke, Heribert"]
[Result "1/2-1/2"]
[WhiteElo "2295"]
[BlackElo "2385"]
[PlyCount "26"]
[EventDate "1988.10.??"]
[EventType "team-tourn"]
[EventRounds "15"]
[EventCountry "GER"]
[SourceTitle "GER-chT"]
[Source "ChessBase"]
[SourceDate "1999.07.01"]
[SourceVersion "1"]
[SourceVersionDate "1999.07.01"]
[SourceQuality "1"]
[WhiteTeam "Bamberg"]
[BlackTeam "Sindelfingen"]
[WhiteTeamCountry "GER"]
[BlackTeamCountry "GER"]

1. d4 d5 2. c4 c6 3. Nc3 Nf6 4. cxd5 cxd5 5. Bf4 Nc6 6. e3 e6 7. Bd3 Be7 8. Nf3 0-0 9. h3 Bd7 10. 0-0 a6 11. Ne5 Be8 12. Rc1 Rc8 13. a3 Nxe5 1/2-1/2

[Event "Bundesliga 8788"]
[Site "Germany"]
[Date "1988.??.??"]
[Round "?.2"]
[White "Doncevic, Dario"]
[Black "Franke, Heribert"]
[Result "1/2-1/2"]
[WhiteElo "2360"]
[BlackElo "2395"]
[PlyCount "40"]
[EventDate "1987.10.??"]
[EventType "team-tourn"]
[EventRounds "15"]
[EventCountry "GER"]
[SourceTitle "GER-chT"]
[Source "ChessBase"]
[SourceDate "1999.07.01"]
[SourceVersion "1"]
[SourceVersionDate "1999.07.01"]
[SourceQuality "1"]
[WhiteTeam "Koblenz"]
[BlackTeam "Sindelfingen"]
[WhiteTeamCountry "GER"]
[BlackTeamCountry "GER"]

1. e4 e6 2. d4 d5 3. Nd2 Nf6 4. e5 Ne4 5. Bd3 Nxd2 6. Bxd2 c5 7. dxc5 Nd7 8. Nf3 Nxc5 9. 0-0 Bd7 10. Nd4 Nxd3 11. cxd3 Qb6 12. Be3 Qa6 13. a4 Rc8 14. Qd2 Be7 15. b4 b6 16. Bg5 Bxg5 17. Qxg5 0-0 18. Qd2 Rc7 19. b5 Qb7 20. Rfc1 Rfc8 1/2-1/2

[Event "Berlin Neukoelln"]
[Site "Berlin West"]
[Date "1988.??.??"]
[Round "?"]
[White "Franke, Heribert"]
[Black "Cladouras, Panagiotis"]
[Result "1/2-1/2"]
[WhiteElo "2395"]
[BlackElo "2380"]
[PlyCount "63"]
[EventDate "1988.??.??"]
[EventType "tourn"]
[EventRounds "11"]
[EventCountry "GER"]
[EventCategory "5"]
[SourceTitle "TD"]
[Source "ChessBase"]
[SourceDate "1994.03.01"]
[SourceVersion "1"]
[SourceVersionDate "1994.03.01"]
[SourceQuality "1"]

1. d4 Nf6 2. Nf3 e6 3. Bg5 c5 4. e3 cxd4 5. exd4 Be7 6. Bd3 b6 7. 0-0 0-0 8. Nbd2 Bb7 9. Re1 d6 10. c3 Nbd7 11. a4 a6 12. Nc4 Re8 13. h3 Qc7 14. Bf4 Bc6 15. Qe2 Nd5 16. Bh2 Nf8 17. Ne3 Qb7 18. Nd2 b5 19. axb5 axb5 20. Nxd5 Bxd5 21. Ne4 Bxe4 22. Bxe4 d5 23. Bd3 b4 24. c4 Rxa1 25. Rxa1 dxc4 26. Bxc4 Rd8 27. Rd1 Bf6 28. Be5 Bxe5 29. Qxe5 Nd7 30. Qd6 Qb6 31. Qxb6 Nxb6 32. Bb3 1/2-1/2

[Event "Luxembourg op 27th"]
[Site "Luxembourg"]
[Date "1988.??.??"]
[Round "5"]
[White "Franke, Heribert"]
[Black "Cuijpers, Frans Andre"]
[Result "1-0"]
[WhiteElo "2395"]
[BlackElo "2420"]
[PlyCount "220"]
[EventDate "1988.05.??"]
[EventType "swiss"]
[EventRounds "9"]
[EventCountry "LUX"]
[SourceTitle "EXT 1997"]
[Source "ChessBase"]
[SourceDate "1996.11.15"]
[SourceVersion "1"]
[SourceVersionDate "1996.11.15"]
[SourceQuality "1"]

1. d4 Nf6 2. Nf3 d5 3. c4 c6 4. Nc3 dxc4 5. a4 Bf5 6. Ne5 e6 7. f3 Bb4 8. Bg5 h6 9. Bh4 0-0 10. e4 Bh7 11. Nxc4 c5 12. dxc5 Qxd1+ 13. Rxd1 Nc6 14. Nd6 Na5 15. Bf2 Rfd8 16. Bb5 a6 17. Be2 Ne8 18. Nxe8 Rxe8 19. 0-0 Nb3 20. Bc4 Na5 21. Bd3 Bxc3 22. bxc3 f5 23. Bc2 fxe4 24. fxe4 Re7 25. Bg3 Rae8 26. Bd6 Rd7 27. Bd3 Bg6 28. Rb1 Rc8 29. Kf2 Bf7 30. e5 Be8 31. Ke3 Rf7 32. Rxf7 Bxf7 33. Rb4 Be8 34. g4 g5 35. Bc2 Kg7 36. Rb1 Bg6 37. Bxg6 Kxg6 38. Rf1 Kg7 39. Rf6 Re8 40. Rf2 Rc8 41. Rf6 Re8 42. Ke4 Nc6 43. Rf2 Rc8 44. Kf3 Na5 45. Kg3 Nc6 46. h4 Na5 47. h5 Nc6 48. Kf3 Na5 49. Ke4 Nc6 50. Rf6 Re8 51. Rf1 Rc8 52. Rf2 Na5 53. Kd3 Nc6 54. Kc2 Na5 55. Rf6 Re8 56. Rf1 Rc8 57. Rf3 Nc6 58. Rf2 Na5 59. Be7 Nc6 60. Bf6+ Kg8 61. Rd2 Nb8 62. c6 Nxc6 63. Rd7 Nb4+ 64. Kd2 Nd5 65. Rg7+ Kf8 66. Rxb7 Rc4 67. Bg7+ Ke8 68. Bxh6 Rxg4 69. Rg7 Nf4 70. Ra7 Nxh5 71. Rxa6 Nf4 72. a5 Rg2+ 73. Ke3 Rg3+ 74. Ke4 Rxc3 75. Bxg5 Rc4+ 76. Kf3 Ng6 77. Bf6 Rc5 78. Ke4 Kd7 79. Rd6+ Kc7 80. a6 Rc4+ 81. Ke3 Kb8 82. Rxe6 Ka7 83. Rd6 Rc8 84. Ke4 Rc4+ 85. Kf5 Nxe5 86. Bxe5 Rc8 87. Ke6 Re8+ 88. Kd5 Rc8 89. Bd4+ Ka8 90. Bc5 Re8 91. Kc4 Rc8 92. Kb5 Rb8+ 93. Bb6 Rg8 94. Rd7 Rh8 95. Bc5 Rb8+ 96. Kc6 Rc8+ 97. Kb6 Rb8+ 98. Rb7 Rd8 99. Ra7+ Kb8 100. Rc7 Ka8 101. Rc6 Rb8+ 102. Ka5 Rg8 103. Rc7 Rh8 104. Kb6 Rb8+ 105. Rb7 Rd8 106. Ra7+ Kb8 107. Rc7 Ka8 108. Be7 Rb8+ 109. Rb7 Rd8 110. Ra7+ Kb8 1-0

[Event "Noviki"]
[Site "Budapest"]
[Date "1988.??.??"]
[Round "?"]
[White "Franke, Heribert"]
[Black "Mikhalchishin, Adrian"]
[Result "1/2-1/2"]
[WhiteElo "2360"]
[BlackElo "2480"]
[PlyCount "68"]
[EventDate "1988.09.??"]
[EventType "tourn"]
[EventRounds "9"]
[EventCountry "HUN"]
[EventCategory "8"]
[SourceTitle "CBM 009"]
[Source "ChessBase"]
[SourceDate "1989.04.01"]
[SourceVersion "1"]
[SourceVersionDate "1989.04.01"]
[SourceQuality "1"]

1. d4 Nf6 2. Nf3 g6 3. c4 Bg7 4. Nc3 d5 5. cxd5 Nxd5 6. e4 Nxc3 7. bxc3 c5 8. Be3 0-0 9. Rc1 e6 10. Qd2 Qa5 11. d5 exd5 12. exd5 Nd7 13. c4 Qxd2+ 14. Nxd2 Re8 15. Be2 Ne5 16. Nf3 b6 17. Nxe5 Bxe5 18. Kd2 Bd7 19. Bd3 Re7 20. Rhe1 Rae8 21. Rb1 Kg7 22. f4 Bf6 23. Bf2 Rxe1 24. Rxe1 Rxe1 25. Bxe1 Kf8 26. Bg3 Ke7 27. f5 Bxf5 28. Bxf5 gxf5 29. a4 Kd7 30. Ke3 Bg5+ 31. Bf4 Be7 32. Be5 Bg5+ 33. Bf4 Be7 34. Be5 Bg5+ 1/2-1/2